| 000 | 00767nam a2200217 a 4500 | ||
|---|---|---|---|
| 999 |
_c6930 _d6930 |
||
| 001 | 6930 | ||
| 003 | BD-JhCC | ||
| 005 | 20180201115802.0 | ||
| 008 | 170930s1979 bg |||| ||a| 000 0 ben d | ||
| 035 | _a(BD-JhCC)6930 | ||
| 040 |
_aBD-JhCC _dBD-JhCC |
||
| 041 | _aben | ||
| 082 |
_a891.4409 _bDEV 1979 |
||
| 100 | _aদেব, গোবিন্দচন্দ্র | ||
| 245 |
_aগোবিন্দচন্দ্র দেব রচনাবলী / _cগোবিন্দচন্দ্র দেব; হাসান আজিজুল হক (সম্পা) |
||
| 260 |
_aঢাকা : _bবাংলা একাডেমী ; _c1979. |
||
| 300 |
_a377 p. : _c24 cm. |
||
| 650 | _aCollection of Works | ||
| 942 |
_2ddc _cBK |
||